Pays du monde - Statistiques

Statistiques générales
  • Ce quiz a été pris 85 fois
  • Le résultat moyen est 121 sur 194
Statistiques - réponses
Pays % Correct
Espagne
93%
Canada
91%
Belgique
90%
Etats-Unis
90%
France
90%
Portugal
90%
Brésil
85%
Italie
85%
Mexique
85%
Albanie
84%
Argentine
84%
Allemagne
82%
Autriche
82%
Andorre
81%
Chine
81%
Danemark
81%
Irlande
81%
Royaume-Uni
81%
Russie
81%
Afrique du sud
79%
Chili
79%
Croatie
79%
Grèce
79%
Inde
79%
Islande
79%
Luxembourg
79%
Algérie
78%
Australie
78%
Biélorussie
78%
Colombie
78%
Estonie
78%
Finlande
78%
Japon
78%
Pologne
78%
République Démocratique du Congo
76%
République du Congo
76%
Corée du Nord
75%
Maroc
75%
Monaco
75%
Suède
75%
Suisse
75%
Corée du Sud
74%
Cuba
74%
Paraguay
74%
Vatican
74%
Chypre
72%
Hongrie
72%
Lettonie
72%
Lituanie
72%
Malte
72%
Pays-Bas
72%
Pérou
72%
Uruguay
72%
Arménie
71%
Egypte
71%
Irak
71%
Iran
71%
Macédoine du Nord
71%
Norvège
71%
Nouvelle-Zélande
71%
Angola
69%
Bolivie
69%
Israël
69%
Slovénie
69%
Turquie
69%
Bosnie-Herzégovine
68%
Costa Rica
68%
Equateur
68%
Indonésie
68%
Libye
68%
Moldavie
68%
Roumanie
68%
Slovaquie
68%
Tunisie
68%
Venezuela
68%
Afghanistan
66%
Bulgarie
66%
Cambodge
66%
Guinée
66%
Madagascar
66%
Mali
66%
Ukraine
66%
Guyana
65%
Jamaïque
65%
Kazakhstan
65%
Monténégro
65%
Panama
65%
République Tchèque
65%
Sénégal
65%
Arabie Saoudite
63%
Guatemala
63%
Honduras
63%
Jordanie
63%
Kenya
63%
Liechtenstein
63%
Ouzbékistan
63%
Pakistan
63%
Saint-Marin
63%
Soudan
63%
Bélize
62%
Laos
62%
Mauritanie
62%
Niger
62%
Suriname
62%
Thaïlande
62%
Azerbaïdjan
60%
Bénin
60%
Bhoutan
60%
Erythrée
60%
Fidji
60%
Guinée-Bissau
60%
Guinée-Equatoriale
60%
Liban
60%
Serbie
60%
Viet-Nam
60%
Cameroun
59%
Côte d'Ivoire
59%
Haïti
59%
Malaisie
59%
Mongolie
59%
Népal
59%
Nicaragua
59%
Nigéria
59%
Turkménistan
59%
Yemen
59%
Comores
57%
Gabon
57%
Philippines
57%
Bahamas
56%
Bangladesh
56%
Gambie
56%
Géorgie
56%
Zambie
56%
Zimbabwe
56%
Botswana
54%
Brunei
54%
Eswatini
54%
Ethiopie
54%
Ghana
54%
Lesotho
54%
Saint-Lucie
54%
Somalie
54%
Soudan du Sud
54%
Tanzanie
54%
Togo
54%
Birmanie
53%
Burkina Faso
53%
Cap-Vert
53%
Djibouti
53%
Kirghizistan
53%
Koweït
53%
Oman
53%
Ouganda
53%
République Dominicaine
53%
Bahreïn
51%
Burundi
51%
Dominique
51%
Maurice
51%
Mozambique
51%
Namibie
51%
Papouasie-Nouvelle-Guinée
51%
Tadjikistan
51%
Tchad
51%
Barbade
50%
Palaos
50%
Rwanda
50%
Saint-Christophe-et-Niévès
50%
Seychelles
50%
Sri Lanka
50%
Syrie
50%
Grenade
49%
Singapour
49%
Antigua-et-Barbuda
47%
Tonga
47%
Vanuatu
47%
République Centrafricaine
46%
Sierra Leone
46%
Tuvalu
46%
Liberia
44%
Maldives
44%
Micronésie
44%
Nauru
44%
Salomon
44%
Samoa
44%
Malawi
43%
Marshall
43%
Kiribati
41%
Sao Tomé-et-Principe
41%
Timor Oriental
35%
Palestine
29%
Saint-Vincent-Les-Grenadines
19%
El Salvador
18%
Emirates Arabes Unis
3%
Trinité-et-Tabago
0%
Aucun quiz correspondant
Distribution des résultats
% des personnes avec chaque résultat
Percentile par nombre de réponses
Votre historique - résultats
Vous n’avez pas pris ce quiz